000 00916cam a22002654a 4500
001 12204751
005 20180110084206.0
008 001018s2001 nyua b 001 0 eng
010 _a 00052081
020 _a1572306335 (hardcover : alk. paper)
020 _a1572305959 (pbk. : alk. paper)
040 _aDLC
_cDLC
_dDLC
041 _aeng
042 _apcc
043 _an-us---
080 _a372.47
082 0 0 _a372.47 BLA
_221
100 1 _a46
101 _aEDU
245 1 0 _aReading comprehension :
_cCamille Blachowicz, Donna Ogle.
504 _aIncludes bibliographical references (p. 263-269) and index.
906 _a7
_bcbc
_corignew
_d1
_eocip
_f20
_gy-gencatlg
942 _2ddc
_cBK
999 _c40046
_d40046